000 00373nam a2200109Ia 4500
008 240129s9999 xx 000 0 und d
100 _aREDDY, B. PRABHAKAR
245 0 _aPREPARATION AND IN VIVO EVALUATION OF RASAGILINE AND SELEGILINE TRILAYERED MATRIX TABLETS BY GEOMATRIX TECHNOLOGY
260 _bMEWAR UNIVERSITY, CHITTORGARH
_c2021
650 _aPharmacy
942 _cTHE
999 _c218939
_d218939